| 000 | 00000nas 2200000zi 4500 |
| 001 | 9.903883 |
| 003 | CaOODSP |
| 005 | 20251024134619 |
| 006 | m o d f |
| 007 | cr cn |||||||| |
| 008 | 211006c20099999oncar p o f0###a0eng|d |
| 022 | |a2819-7372 |
| 040 | |aCaOODSP|beng|erda|cCaOODSP |
| 043 | |an-cn--- |
| 086 | 1 |aF1-61E-PDF |
| 110 | 1 |aCanada. |bDepartment of Finance, |eauthor, |eissuing body. |
| 222 | 0|aFinancial statements (unaudited) for the year ended ... |b(Canada. Department of Finance) |
| 245 | 10|aFinancial statements (unaudited) for the year ended ... |
| 246 | 13|aFinancial statements (unaudited), Department of Finance Canada, for the year ended ... |
| 246 | 13|aDepartment of Finance Canada financial statements (unaudited) for the year ended ... |
| 264 | 1|a[Ottawa] : |bDepartment of Finance Canada, |c[2009]- |
| 310 | |aAnnual |
| 336 | |atext|btxt|2rdacontent |
| 337 | |acomputer|bc|2rdamedia |
| 338 | |aonline resource|bcr|2rdacarrier |
| 362 | 1 |aBegan with: March 31, 2009. |
| 500 | |aIssued also in French under title: États financiers (non vérifiés) pour l'exercice terminé le ... |
| 515 | |aAvailable in HTML only, 2009-2019. |
| 588 | |aDescription based on: March 31, 2009; title from HTML header. |
| 588 | |aLatest issue consulted: March 31, 2024. |
| 610 | 10|aCanada. |bDepartment of Finance |xAppropriations and expenditures |vPeriodicals. |
| 650 | 0|aFinancial statements, Unaudited|zCanada|vPeriodicals. |
| 655 | 7|aPeriodicals|2lcgft |
| 775 | 08|tÉtats financiers (non vérifiés) pour l'exercice terminé le ... |w(CaOODSP)9.903882 |